| 000 | 00630nam a2200229 a 4500 | ||
|---|---|---|---|
| 005 | 20210219152915.0 | ||
| 008 | 991125n 000 0 eng u | ||
| 035 | _aUPN01000066645 | ||
| 100 | _aHughes, Chris | ||
| 222 | _aHIGHER EDUCATION | ||
| 245 | _aCan performance management work in australian universities? | ||
| 300 | _a41-56 | ||
| 362 | _a1992 24, No. 1 | ||
| 505 | _aFebrero 1993 | ||
| 653 | 0 | _aADMINISTRACION DE COLEGIOS | |
| 653 | 0 | _aEVALUACION DE LA FACULTAD | |
| 653 | 0 | _aEVALUACION DE PERSONAL | |
| 653 | 0 | _aMANEJO DE PERSONAL | |
| 700 | _aSohler, Cathy | ||
| 904 |
_aAC _b004456 |
||
| 905 | _aArticulo | ||
| 999 |
_c63598 _d63598 |
||